| 000 | 00555nam a2200181Ia 4500 | ||
|---|---|---|---|
| 008 | 231221s9999 xx 000 0 und d | ||
| 020 | _a9790000000000 | ||
| 041 | _aEnglish | ||
| 082 | _a343.052 GAU;1 R | ||
| 100 | _aGaur, V P. Narang, D B. Pujaghai. | ||
| 245 | 0 | _aIncome tax : for B.Com 5th semester student of B U, assessment year 2008-09 | |
| 250 | _a3rd ed. | ||
| 260 |
_c2008 _bKalayani _aLudhiana |
||
| 300 | _axiii, 1/21+5 | ||
| 500 | _aDonated by Somaiah Naidu | ||
| 650 | _aIncome,tax,B.Com,5th,B,U,,assessment,2008-09 | ||
| 942 | _cBM | ||
| 999 |
_c217711 _d217711 |
||